Medicina geriátrica: una aproximación basada en problemas (Registro nro. 9330)
[ vista simple ]
| 000 -CABECERA | |
|---|---|
| campo de control de longitud fija | 00937ntm a22003137a 4500 |
| 005 - FECHA Y HORA DE ACTUALIZACIÓN | |
| campo de control | 20170425144336.0 |
| 008 - LONGITUD FIJA | |
| campo de control de longitud fija | 170425b xxu||||| |||| 00| 0 spa d |
| 020 ## - INTERNATIONAL STANDARD BOOK NUMBER | |
| Número Internacional Estándar del Libro | 9788445821848 |
| 041 ## - IDIOMA | |
| Código de idioma del texto/pista de sonido o título separado | |
| 082 ## - CLASIFICACIÓN DECIMAL DEWEY | |
| Número de clasificación | 618.97 A149m |
| 100 ## - AUTOR PERSONAL | |
| Nombre de persona | Abizanda Soler, Pedro |
| 245 ## - TÍTULO PROPIAMENTE DICHO | |
| Título | Medicina geriátrica: una aproximación basada en problemas |
| 260 ## - PIE DE IMPRENTA | |
| Lugar de publicación, distribución, etc. | España |
| 260 ## - PIE DE IMPRENTA | |
| Nombre del editor, distribuidor, etc. | Elsevier |
| 260 ## - PIE DE IMPRENTA | |
| Fecha de publicación, distribución, etc. | 2012 |
| 300 ## - DESCRIPCIÓN FÍSICA | |
| Extensión | 406 páginas |
| 650 ## - Materia General | |
| Materia general | GERIATRÍA |
| 650 ## - Materia General | |
| Materia general | MEDICINA GERIÁTRICA |
| 650 ## - Materia General | |
| Materia general | EPIDEMIOLOGÍA DEL ENVEJECIMIENTO |
| 650 ## - Materia General | |
| Materia general | VALORACIÓN GERIÁTRICA |
| 650 ## - Materia General | |
| Materia general | ENVEJECIMIENTO ACTIVO |
| 650 ## - Materia General | |
| Materia general | ATENCIÓN SANITARIA |
| 650 ## - Materia General | |
| Materia general | CUIDADOS PALIATIVOS |
| 650 ## - Materia General | |
| Materia general | CALIDAD DE VIDA |
| 650 ## - Materia General | |
| Materia general | SÍNDROMES GERIÁTRICOS |
| 650 ## - Materia General | |
| Materia general | SÍNTOMAS PSICOLÓGICOS |
| 650 ## - Materia General | |
| Materia general | PACIENTE INMOVILIZADO |
| 942 ## - Punto de Acceso Adicional Koha | |
| Tipo de ítem Koha | Libro |
| Estado perdido | Estado dañado | No para préstamo | Biblioteca permanente | Biblioteca actual | Signatura completa | Código de barras | Precio efectivo a partir del | Tipo de ítem |
|---|---|---|---|---|---|---|---|---|
| Departamento de Biblioteca y Documentación Alfonso Chase Brenes | Departamento de Biblioteca y Documentación Alfonso Chase Brenes | 618.97 A149m | 22189 | 25/04/2017 | Libro |